000 00427nam a2200157 i 4500
001 99403
003 ES-MaACL
005 20230906182507.0
007 t|
008 050908s1959 sp ||||1| spa d
100 1 _aMartín Vigil, José Luis.
_977676
245 1 0 _aDestino: Dios /
_cJosé Luis Martín Vigil.
260 _aBarcelona :
_bJuventud,
_c1959.
300 _a222 p. ;
_c18 cm.
852 _aES-MaACL
_jC-17512
_bR.45076
999 _c99403
_d99403